International Journal of Pharmacognosy and Herbal Drug Technology (Record no. 37379)

MARC details
000 -LEADER
fixed length control field 00428nam a2200145Ia 4500
022 ## - INTERNATIONAL STANDARD SERIAL NUMBER
ISSN 3049- 1630
050 ## - CALL MARK
Classification number HD9672. I58
245 ## - TITLE STATEMENT
Title International Journal of Pharmacognosy and Herbal Drug Technology
250 ## - EDITION / VOLUME STATEMENT
Edition / Volume statement Vol. 02 No. 07
260 ## - PUBLICATION, DISTRIBUTION, ETC. (IMPRINT)
Place of publication India
Name of publisher AKT Publication
Year of publication 2025
300 ## - PHYSICAL DESCRIPTION
Number of Pages 62 p. : ill. ; 28 cm.
650 ## - SUBJECT ADDED ENTRY--TOPICAL TERM
Topical Term Pharmaceutical industry--India Herb industry--India
942 ## - ADDED ENTRY ELEMENTS (KOHA)
Koha item type Serials
Source of classification Library of Congress Classification

No items available.